| 000 | 01250nam a2200217 i 4500 | ||
|---|---|---|---|
| 001 | 163416 | ||
| 003 | ES-MaACL | ||
| 005 | 20230906212733.0 | ||
| 008 | 950112m18521854sp af |||| | spa d | ||
| 245 | 0 | 0 |
_aReyes contemporáneos _b: compendio histórico filosófico de todas las monarquías, con las biografías de todos los reyes y príncipes reinantes hasta el día : obra ilustrada con los retratos de cuerpo entero de todos los reyes, reinas y príncipes herederos. |
| 260 |
_aMadrid : _b[s.n.], _c1852-1854 ( _fImp. y Estereotipia de M. Rivadeneyra) |
||
| 300 |
_a3 v. ([4], 495 p., [19] h. de grab. ; [4], 583, [4] p., [17] h. de grab. ; [4], 670, [4] p., [31] h. de grab) : _bil., retratos ; _c31 cm. |
||
| 596 | _aEl impresor varía en el vol. 3: Imprenta de la Biblioteca Nueva. | ||
| 597 | _aMarca tip. en port. | ||
| 597 | _aAntep. | ||
| 597 | _aPort. y texto enmarcado. | ||
| 599 | _aLas h. de grab. son litogr., principalmente retratos "J. Vallejo, B. Blanco dibº y litª, Lit. de J. Donon ; A. Cortés, C. Legrand; Angusto de Belvedere lit., Lit. de Martínez, etc." | ||
| 650 | 4 |
_aReyes y soberanos- _xBiografías. _916905 |
|
| 650 | 4 |
_aReyes y soberanos- _xRetratos. _9161257 |
|
| 852 | 4 |
_aES-MaACL _jG-6169-6171 _z- Enc. hol. |
|
| 999 |
_c163416 _d163416 |
||